| 000 | 00000nam##2200000za#4500 |
| 001 | 9.679105 |
| 003 | CaOODSP |
| 005 | 20200328191715 |
| 007 | ta |
| 008 | 150407|1982||||xxc||||| f|0| 0 fre|d |
| 020 | |a0-662-98794-2 |
| 040 | |aCaOODSP|bfre |
| 043 | |an-cn--- |
| 086 | 1 |aA53-1737/1994F |
| 110 | 1 |aCanada. |bAgriculture et agroalimentaire Canada. |bDirection générale de la recherche. |
| 245 | 10|aAffections après récolte de la pomme et de la poire / |c[par] M. Meheriuk ... [et al.] |
| 260 | |aOttawa - Ontario : |bAgriculture et Agroalimentaire Canada. |c1982, révisé 1994. |
| 300 | |a72p. : |bfigures en couleur, références ; |c23 cm. |
| 563 | |aCouverture souple |
| 590 | |a94-18|b1994-05-06 |
| 691 | 07|aCultures fruitières|2gcpds |
| 720 | 1 |aMeheriuk, M. |
| 775 | 08|tPostharvest disorders of apples and pears / |w(CaOODSP)9.645427 |
| 776 | 0#|tAffections après récolte de la pomme et de la poire / |w(CaOODSP)9.644373 |
| 986 | |aPublication 1737/E |